00798nam a22002417a 45000010005000000030006000050050017000110080041000280200018000690400029000870500013001160820010001291000020001392450058001592600038002173000054002555050008003095200127003175210021004445210020004656500031004857000040005165389FISKH20241129155531.0241129b cb ||||| |||| 00| 0 eng d a9780531186503 aFISKHbengcFISKHdFISKH aGB1198.5 a551.2 aGallant, Roy A. aGeysers :b When the Earth Roars /cby Roy A. Gallant aNew York : bScholastic ;c1997.  a64 pages : bcolor illustrations, maps ;c22 cm . aZ  aDiscusses various aspects of geysers including their formation, location, anatomy, use by humans, and possible extinction.8 a1110 bLexile 8 aZ bRaz-Plus  aearh science vnon-fiction aStorch, Samuel eExpert consultant